[Event "G5 2"]
[Site "Svendborg"]
[Date "2018.03.29"]
[Round "1"]
[White "Hansen, Soren Moller"]
[Black "Clausen, Hans Jorgen"]
[Result "1-0"]
[WhiteElo "1956"]
[BlackElo "1711"]
[PlyCount "63"]
[EventDate "2018.03.29"]
[EventType "swiss"]
[EventRounds "5"]
[EventCountry "DEN"]

1. Nf3 b6 2. d4 e6 3. g3 Bb7 4. Bg2 d6 5. c4 Nd7 6. Nc3 g6 7. O-O Bg7 8. Re1
Ne7 9. Bg5 O-O 10. Qd2 Nf6 11. e4 Qd7 12. Rad1 Nc6 13. Qc1 a6 14. e5 Ne8 15.
Bh6 Ne7 16. Bxg7 Kxg7 17. Ne4 Bxe4 18. Rxe4 d5 19. cxd5 exd5 20. Rh4 h5 21. Bh3
Qd8 22. g4 Rh8 23. gxh5 gxh5 24. Rf4 Ng6 25. Rf5 Qe7 26. Kh1 c5 27. Rg1 Nc7 28.
Rf6 Rh6 29. Nh4 Kh7 30. Nf5 Qf8 31. Nxh6 Qxh6 32. Rxf7+ 1-0

[Event "G5 2"]
[Site "Svendborg"]
[Date "2018.03.29"]
[Round "1"]
[White "Moller, Birger Poul"]
[Black "Hansen, Allan Hallgren"]
[Result "1-0"]
[WhiteElo "1853"]
[BlackElo "1529"]
[PlyCount "39"]
[EventDate "2018.03.29"]
[EventType "swiss"]
[EventRounds "5"]
[EventCountry "DEN"]

1. e4 c5 2. Nf3 Nc6 3. d4 cxd4 4. Nxd4 g6 5. Nc3 Bg7 6. Be3 a6 7. Be2 e6 8. O-O
Nge7 9. Qd2 O-O 10. a4 d5 11. exd5 Nxd5 12. Nxd5 Qxd5 13. Bf3 Qd6 14. Nxc6 Qxd2
15. Ne7+ Kh8 16. Bxd2 Rb8 17. Nxc8 Rfxc8 18. c3 Rd8 19. Bg5 Rd7 20. Rfd1 1-0

[Event "G5 2"]
[Site "Svendborg"]
[Date "2018.03.29"]
[Round "1"]
[White "Olsen, Birger"]
[Black "Pontoppidan, Erik"]
[Result "1/2-1/2"]
[WhiteElo "1898"]
[BlackElo "1750"]
[PlyCount "44"]
[EventDate "2018.03.29"]
[EventType "swiss"]
[EventRounds "5"]
[EventCountry "DEN"]

1. Nf3 g6 2. d3 d5 3. g3 c5 4. Bg2 Bg7 5. O-O Nc6 6. Nbd2 Nf6 7. e4 dxe4 8.
dxe4 O-O 9. c3 Qc7 10. Qe1 e5 11. a4 b6 12. Qe2 Bb7 13. Nb3 Rad8 14. Bg5 h6 15.
Bxf6 Bxf6 16. a5 bxa5 17. Nxc5 Bc8 18. Qb5 Qb6 19. Qc4 Be7 20. Na4 Qb7 21. Nc5
Qb6 22. Na4 Qb7 1/2-1/2

[Event "G5 2"]
[Site "Svendborg"]
[Date "2018.03.29"]
[Round "1"]
[White "Agger, Lars Breinholt"]
[Black "Hansen, Erik Hedegaard"]
[Result "1/2-1/2"]
[WhiteElo "1824"]
[BlackElo "1705"]
[PlyCount "89"]
[EventDate "2018.03.29"]
[EventType "swiss"]
[EventRounds "5"]
[EventCountry "DEN"]

1. e4 c5 2. Nf3 Nc6 3. d4 cxd4 4. Nxd4 e6 5. c4 Nf6 6. Nc3 a6 7. Nxc6 bxc6 8.
e5 Ng8 9. Bd3 d5 10. exd6 Bxd6 11. O-O Nf6 12. Bg5 Be7 13. Qf3 Bb7 14. Rad1 Qa5
15. Bd2 Qc7 16. Bf4 Qa5 17. Rfe1 Qh5 18. Qg3 Qg4 19. Qxg4 Nxg4 20. Ne4 Rd8 21.
c5 O-O 22. Nd6 Bxd6 23. Bxd6 Rfe8 24. Re4 Nf6 25. Rb4 Rd7 26. Rh4 h6 27. g4 g6
28. f4 Red8 29. Rxh6 Nxg4 30. Rh4 Nf6 31. Bc4 Ne8 32. f5 exf5 33. Rhd4 Nxd6 34.
cxd6 c5 35. R4d3 Be4 36. R3d2 a5 37. Kf2 Kg7 38. Bb5 Rb7 39. a4 Kf6 40. Rc1 Ke6
41. Rxc5 Rxd6 42. Bc4+ Kd7 43. Bb5+ Ke6 44. Bc4+ Kd7 45. Bb5+ 1/2-1/2

[Event "G5 2"]
[Site "Svendborg"]
[Date "2018.03.29"]
[Round "1"]
[White "Schmidt, Kim"]
[Black "Jepsen, Ruben"]
[Result "1/2-1/2"]
[WhiteElo "1758"]
[BlackElo "1599"]
[PlyCount "108"]
[EventDate "2018.03.29"]
[EventType "swiss"]
[EventRounds "5"]
[EventCountry "DEN"]

1. e4 d5 2. exd5 Nf6 3. Nc3 Nxd5 4. Nxd5 Qxd5 5. d4 Nc6 6. c3 e5 7. Ne2 exd4 8.
Nxd4 Nxd4 9. Qxd4 Qxd4 10. cxd4 Bb4+ 11. Bd2 Bxd2+ 12. Kxd2 O-O 13. Bc4 Bf5 14.
Rhe1 Rfe8 15. Re3 Rxe3 16. fxe3 Rd8 17. Kc3 c6 18. Rf1 Bg6 19. b4 Re8 20. Kd2
Kf8 21. Bd3 Bxd3 22. Kxd3 f6 23. Rf5 Rd8 24. a4 Rd5 25. Rf2 Ke7 26. e4 Rd7 27.
Rf5 a6 28. Rc5 Kd6 29. a5 b5 30. Ke3 Re7 31. Kf4 g6 32. g4 h6 33. h4 Rf7 34. h5
gxh5 35. Rxh5 Rh7 36. Kf5 Ke7 37. Kg6 Rh8 38. Rc5 Rg8+ 39. Kf5 Rg5+ 40. Kf4
Rxc5 41. dxc5 Ke6 42. Ke3 Ke5 43. Kf3 Kd4 44. Kf4 Kc4 45. Kf5 Kxb4 46. Kxf6
Kxc5 47. e5 b4 48. e6 b3 49. e7 b2 50. e8=Q b1=Q 51. Qe5+ Kc4 52. Qe6+ Kc5 53.
Qe5+ Kc4 54. Qe6+ Kc5 1/2-1/2

[Event "G5 2"]
[Site "Svendborg"]
[Date "2018.03.29"]
[Round "1"]
[White "Winther, Bjarke Rosenborg"]
[Black "Vejlstrup, Dennis"]
[Result "1-0"]
[WhiteElo "1753"]
[BlackElo "1533"]
[PlyCount "59"]
[EventDate "2018.03.29"]
[EventType "swiss"]
[EventRounds "5"]
[EventCountry "DEN"]

1. e4 c5 2. Nf3 Nc6 3. d4 cxd4 4. Nxd4 Nf6 5. Nc3 a6 6. Be3 e5 7. Nb3 Bb4 8.
Bd3 d5 9. exd5 Nxd5 10. Bd2 Nxc3 11. bxc3 Bd6 12. Qh5 g6 13. Qf3 Be6 14. Bh6 f5
15. Qe3 f4 16. Bxf4 Rf8 17. Bg5 Qd7 18. Nc5 Bxc5 19. Qxc5 Ne7 20. Qxe5 Rc8 21.
O-O Nc6 22. Qe3 Kf7 23. Qf4+ Kg8 24. Qg3 Qc7 25. Qxc7 Rxc7 26. Rfe1 Bf5 27. Bh6
Na5 28. Bxf8 Kxf8 29. Bxf5 gxf5 30. Re5 1-0

[Event "G5 2"]
[Site "Svendborg"]
[Date "2018.03.29"]
[Round "1"]
[White "Jensen, Anna Hedelykke"]
[Black "Sorensen, Jens Kristian"]
[Result "1/2-1/2"]
[WhiteElo "1809"]
[BlackElo "1925"]
[PlyCount "59"]
[EventDate "2018.03.29"]
[EventType "swiss"]
[EventRounds "5"]
[EventCountry "DEN"]

1. c4 Nf6 2. Nf3 e6 3. g3 d5 4. cxd5 exd5 5. d4 Nbd7 6. Bg2 Bb4+ 7. Nc3 c6 8.
O-O O-O 9. Bf4 Nb6 10. Qc2 Bxc3 11. Qxc3 Ne4 12. Qc1 Re8 13. Ne5 f6 14. Nd3 g5
15. Bd2 Nxd2 16. Qxd2 Nc4 17. Qc2 Bf5 18. b3 Nd6 19. Rfd1 Qe7 20. e3 Rac8 21.
Qc5 b6 22. Qa3 Qd7 23. Rac1 a5 24. Qb2 Kg7 25. a4 Rc7 26. Qd2 Rec8 27. Qb2 h6
28. Qd2 Ne4 29. Qb2 Nd6 30. Qd2 1/2-1/2

[Event "G5 2"]
[Site "Svendborg"]
[Date "2018.03.29"]
[Round "1"]
[White "Gottschalck, Christian"]
[Black "Raahauge, Lars"]
[Result "0-1"]
[WhiteElo "1701"]
[BlackElo "1856"]
[PlyCount "80"]
[EventDate "2018.03.29"]
[EventType "swiss"]
[EventRounds "5"]
[EventCountry "DEN"]

1. e4 c6 2. d4 d5 3. exd5 cxd5 4. Bd3 Nc6 5. c3 g6 6. Bf4 Bg7 7. Nf3 Nh6 8.
Nbd2 O-O 9. O-O f6 10. Re1 Nf7 11. Bg3 e5 12. dxe5 fxe5 13. Qc2 e4 14. Nxe4
dxe4 15. Bxe4 Qb6 16. h3 Bd7 17. Rad1 Be8 18. Bh4 Rc8 19. Qe2 Rc7 20. Bd5 h6
21. Bb3 Kh7 22. Bc2 Nfe5 23. Rd6 Qc5 24. Red1 Nxf3+ 25. gxf3 Qh5 26. Bg3 Qxf3
27. Qe6 Qf7 28. Qg4 Ne5 29. Qh5 Rc5 30. Bxg6+ Qxg6 31. Rxg6 Nf3+ 32. Qxf3 Rxf3
33. Re6 Bc6 34. Re7 Rg5 35. Kh2 Rgf5 36. Rd2 Rf7 37. Rde2 Rxe7 38. Rxe7 Kg6 39.
Kg1 Rd3 40. Re1 Rd2 0-1

[Event "G5 2"]
[Site "Svendborg"]
[Date "2018.03.29"]
[Round "1"]
[White "Onisey, Mazen"]
[Black "Bojsen, Bent"]
[Result "0-1"]
[WhiteElo "1671"]
[BlackElo "1815"]
[PlyCount "92"]
[EventDate "2018.03.29"]
[EventType "swiss"]
[EventRounds "5"]
[EventCountry "DEN"]

1. e4 c5 2. Nc3 Nc6 3. Bb5 g6 4. f4 Bg7 5. Bxc6 dxc6 6. Nf3 Nf6 7. d3 O-O 8.
Ne2 Qc7 9. O-O Rd8 10. Qe1 b5 11. Kh1 c4 12. Ned4 Ne8 13. e5 cxd3 14. cxd3 a6
15. Be3 Qd7 16. Rd1 Nc7 17. Nb3 Nd5 18. Nc5 Qc7 19. Bc1 Qb6 20. d4 a5 21. Ng5
Bf5 22. h3 h6 23. Nge4 Nb4 24. a3 Na6 25. Be3 Qc7 26. Nxa6 Rxa6 27. Ng3 Be6 28.
f5 Bb3 29. fxg6 fxg6 30. Rd2 c5 31. Qc1 Rc6 32. Qc3 Bc4 33. Rc1 cxd4 34. Rxd4
Rxd4 35. Qxd4 Bxe5 36. Qe4 Bxg3 37. b3 Re6 38. Qa8+ Kg7 39. Bd4+ Be5 40. Bxe5+
Rxe5 41. bxc4 bxc4 42. Rf1 Rf5 43. Rxf5 gxf5 44. Qd5 c3 45. Qxf5 c2 46. Qg4+
Kh8 0-1

[Event "G5 2"]
[Site "Svendborg"]
[Date "2018.03.29"]
[Round "1"]
[White "Andersen, Per"]
[Black "Hansen, Aksel"]
[Result "0-1"]
[WhiteElo "1669"]
[BlackElo "1816"]
[PlyCount "68"]
[EventDate "2018.03.29"]
[EventType "swiss"]
[EventRounds "5"]
[EventCountry "DEN"]

1. d4 g6 2. c4 Bg7 3. Nc3 c5 4. d5 Nf6 5. e4 d6 6. Nf3 O-O 7. Be2 Na6 8. O-O
Nc7 9. Qc2 a6 10. a4 Bd7 11. a5 Rb8 12. Bd2 Ng4 13. h3 Ne5 14. Nxe5 Bxe5 15.
Be3 f5 16. f3 f4 17. Bf2 e6 18. Rfc1 Qf6 19. Rab1 exd5 20. Nxd5 Nxd5 21. cxd5
Bb5 22. b3 g5 23. Bc4 h5 24. Qd3 Bd7 25. Qc2 g4 26. hxg4 hxg4 27. Kf1 Qh6 28.
Bg1 Rf7 29. Ke2 Rg7 30. Rf1 g3 31. Rbe1 b5 32. axb6 Rxb6 33. Kd1 Bb5 34. Re2
Rgb7 0-1

[Event "G5 2"]
[Site "Svendborg"]
[Date "2018.03.29"]
[Round "1"]
[White "Dithlevsen, Birgit"]
[Black "Jensen, Jan Kargaard"]
[Result "0-1"]
[WhiteElo "1495"]
[BlackElo "1743"]
[PlyCount "98"]
[EventDate "2018.03.29"]
[EventType "swiss"]
[EventRounds "5"]
[EventCountry "DEN"]

1. e4 c5 2. Nc3 Nc6 3. Nf3 d6 4. h3 Nf6 5. Bb5 Bd7 6. d3 e6 7. O-O Be7 8. Re1
Nd4 9. Bxd7+ Qxd7 10. Nxd4 cxd4 11. Ne2 e5 12. c3 dxc3 13. bxc3 d5 14. exd5
Nxd5 15. c4 Nf6 16. Ng3 O-O 17. Rxe5 Bd6 18. Re2 Bxg3 19. fxg3 Rad8 20. Rd2
Qd4+ 21. Kh2 Qxa1 22. Qc2 Qd4 23. Bb2 Qd6 24. Qc3 Nh5 25. d4 Rfe8 26. Rf2 Re6
27. d5 Rg6 28. Rf3 Re8 29. c5 Qxd5 30. g4 Nf6 31. Rd3 Qe4 32. Qd2 h5 33. Bxf6
Rxf6 34. gxh5 Qe5+ 35. Rg3 Rf4 36. h6 g6 37. Qc2 Kh7 38. c6 Rc8 39. Qd2 Rxc6
40. Kh1 Qd4 41. Rd3 Rf1+ 42. Kh2 Qf4+ 43. Qxf4 Rxf4 44. Kg3 Rfc4 45. Kh2 Kxh6
46. Ra3 Ra6 47. Rb3 b6 48. a3 Rca4 49. Rf3 f5 0-1

[Event "G5 2"]
[Site "Svendborg"]
[Date "2018.03.30"]
[Round "2"]
[White "Sorensen, Jens Kristian"]
[Black "Schmidt, Kim"]
[Result "0-1"]
[WhiteElo "1925"]
[BlackElo "1758"]
[PlyCount "52"]
[EventDate "2018.03.29"]
[EventType "swiss"]
[EventRounds "5"]
[EventCountry "DEN"]

1. d4 d5 2. c4 Nf6 3. e3 c6 4. Nc3 e6 5. Nf3 Be7 6. Bd3 Nbd7 7. O-O O-O 8. b3
b6 9. e4 dxe4 10. Nxe4 Nxe4 11. Bxe4 Bb7 12. Qe2 Rc8 13. Bb2 Rc7 14. Rad1 Nf6
15. Bb1 Re8 16. Bc1 Nd7 17. Bf4 Rc8 18. Qc2 Nf8 19. Ne5 Bf6 20. Nf3 Qe7 21.
Rfe1 Red8 22. Qe2 Rd7 23. Be5 Rcd8 24. Rd2 c5 25. Bxf6 Qxf6 26. dxc5 Bxf3 0-1

[Event "G5 2"]
[Site "Svendborg"]
[Date "2018.03.30"]
[Round "2"]
[White "Raahauge, Lars"]
[Black "Winther, Bjarke Rosenborg"]
[Result "1/2-1/2"]
[WhiteElo "1856"]
[BlackElo "1753"]
[PlyCount "71"]
[EventDate "2018.03.29"]
[EventType "swiss"]
[EventRounds "5"]
[EventCountry "DEN"]

1. e4 c5 2. d4 cxd4 3. c3 dxc3 4. Nxc3 Nc6 5. Nf3 d6 6. Bc4 e6 7. O-O a6 8. a4
Be7 9. Qe2 Nf6 10. Rd1 Qc7 11. h3 O-O 12. Bf4 Nd7 13. Rac1 Nde5 14. Ba2 Qa5 15.
Nd4 Bd7 16. Be3 Nb4 17. Bb3 Nec6 18. f4 e5 19. Nf3 exf4 20. Bxf4 Rad8 21. Kh1
Bc8 22. Nd5 Nxd5 23. exd5 Ne5 24. Nxe5 dxe5 25. Bxe5 Bd6 26. Rxc8 Rfe8 27. Rxd8
Qxd8 28. Bf6 gxf6 29. Qf3 Qe7 30. Rf1 Qe5 31. g3 Qxb2 32. Qxf6 Qxf6 33. Rxf6
Bxg3 34. d6 Rf8 35. d7 Bc7 36. Kg2 1/2-1/2

[Event "G5 2"]
[Site "Svendborg"]
[Date "2018.03.30"]
[Round "2"]
[White "Bojsen, Bent"]
[Black "Hansen, Soren Moller"]
[Result "1-0"]
[WhiteElo "1815"]
[BlackElo "1956"]
[PlyCount "67"]
[EventDate "2018.03.29"]
[EventType "swiss"]
[EventRounds "5"]
[EventCountry "DEN"]

1. f4 Nf6 2. Nf3 d6 3. e3 c5 4. b3 g6 5. Bb2 Bg7 6. Be2 O-O 7. O-O Nc6 8. Qc1
Bg4 9. h3 Bd7 10. a4 Re8 11. Na3 e5 12. fxe5 dxe5 13. Nc4 Qc7 14. Nh2 Ne4 15.
Qe1 a6 16. a5 Rad8 17. Qh4 Nd6 18. Qf2 Be6 19. Bc3 Ne4 20. Qh4 Nxc3 21. dxc3 e4
22. Rad1 Bxc3 23. Ng4 Bxg4 24. Qxg4 f5 25. Rxf5 Rxd1+ 26. Bxd1 Nxa5 27. Be2 b5
28. Nxa5 Bxa5 29. c4 Bd2 30. cxb5 Bxe3+ 31. Kh1 Kh8 32. Rd5 Qb7 33. Rd7 Qb8 34.
Qh4 1-0

[Event "G5 2"]
[Site "Svendborg"]
[Date "2018.03.30"]
[Round "2"]
[White "Hansen, Aksel"]
[Black "Moller, Birger Poul"]
[Result "1/2-1/2"]
[WhiteElo "1816"]
[BlackElo "1853"]
[PlyCount "48"]
[EventDate "2018.03.29"]
[EventType "swiss"]
[EventRounds "5"]
[EventCountry "DEN"]

1. d4 Nf6 2. g3 e6 3. Bg2 d5 4. c4 c6 5. cxd5 exd5 6. Nc3 Bf5 7. Nf3 h6 8. O-O
Bd6 9. Re1 O-O 10. Nh4 Bh7 11. Bh3 Re8 12. Bf5 Nbd7 13. Qd3 Bxf5 14. Nxf5 Bf8
15. Bd2 Ne4 16. Rad1 Qf6 17. Qf3 Nxd2 18. Rxd2 g6 19. Nh4 Qxf3 20. Nxf3 Rad8
21. Kf1 Kg7 22. a3 Nb6 23. Rc2 Nc4 24. Nd2 Nxd2+ 1/2-1/2

[Event "G5 2"]
[Site "Svendborg"]
[Date "2018.03.30"]
[Round "2"]
[White "Jensen, Jan Kargaard"]
[Black "Olsen, Birger"]
[Result "1-0"]
[WhiteElo "1743"]
[BlackElo "1898"]
[PlyCount "79"]
[EventDate "2018.03.29"]
[EventType "swiss"]
[EventRounds "5"]
[EventCountry "DEN"]

1. d4 Nf6 2. Nf3 e6 3. Bf4 b6 4. Nbd2 Bb7 5. e3 c5 6. c3 cxd4 7. exd4 Be7 8.
Bd3 O-O 9. O-O Nc6 10. Qe2 Nd5 11. Bg3 f5 12. h3 Qe8 13. Ne5 Nxe5 14. Qxe5 Qg6
15. Nf3 Rae8 16. Qe2 Bf6 17. Bd6 Be7 18. Bg3 Bf6 19. Bd6 e5 20. Bc4 exd4 21.
Qd3 Rf7 22. Rfe1 Re4 23. Nd2 Rxe1+ 24. Rxe1 Ne3 25. Bxf7+ Kxf7 26. g3 Bg5 27.
Qxd4 Nd5 28. Qe5 Qe6 29. Nf3 Bf6 30. Qxe6+ dxe6 31. Ne5+ Bxe5 32. Bxe5 g6 33.
Rd1 Ba6 34. b3 b5 35. Rd4 Ke7 36. c4 bxc4 37. bxc4 Nc3 38. Kf1 Nxa2 39. Ke1 Nb4
40. Bd6+ 1-0

[Event "G5 2"]
[Site "Svendborg"]
[Date "2018.03.30"]
[Round "2"]
[White "Clausen, Hans Jorgen"]
[Black "Andersen, Per"]
[Result "1/2-1/2"]
[WhiteElo "1711"]
[BlackElo "1669"]
[PlyCount "66"]
[EventDate "2018.03.29"]
[EventType "swiss"]
[EventRounds "5"]
[EventCountry "DEN"]

1. d4 Nf6 2. Nf3 g6 3. e3 Bg7 4. c4 O-O 5. Nc3 d5 6. Be2 c6 7. b3 Bf5 8. O-O
Nbd7 9. Bb2 Qc7 10. cxd5 Nxd5 11. Nxd5 cxd5 12. Rc1 Qd8 13. Qd2 Nf6 14. Qb4 b6
15. Ne5 Bd7 16. Nc6 Bxc6 17. Rxc6 Qd7 18. Rfc1 Rac8 19. Qb5 Rxc6 20. Qxc6 Qxc6
21. Rxc6 e6 22. Rc7 Ra8 23. Bb5 a6 24. Bc6 Rb8 25. g3 Bf8 26. a3 Bd6 27. Rb7
Rxb7 28. Bxb7 a5 29. f3 Kf8 30. Bc6 Ke7 31. Kf2 Kd8 32. a4 Kc7 33. Bb5 h5
1/2-1/2

[Event "G5 2"]
[Site "Svendborg"]
[Date "2018.03.30"]
[Round "2"]
[White "Pontoppidan, Erik"]
[Black "Agger, Lars Breinholt"]
[Result "1-0"]
[WhiteElo "1750"]
[BlackElo "1824"]
[PlyCount "133"]
[EventDate "2018.03.29"]
[EventType "swiss"]
[EventRounds "5"]
[EventCountry "DEN"]

1. d4 Nf6 2. c4 g6 3. Nc3 d5 4. cxd5 Nxd5 5. e4 Nxc3 6. bxc3 Bg7 7. Bc4 c5 8.
Ne2 Nc6 9. Be3 O-O 10. O-O cxd4 11. cxd4 Na5 12. Bd3 b6 13. Rc1 Bb7 14. d5 Rc8
15. Qd2 Qd7 16. Nd4 e6 17. dxe6 fxe6 18. Nf3 Rfd8 19. Rxc8 Bxc8 20. Rd1 Qa4 21.
Qe2 Qa3 22. Qc2 Qc3 23. Qe2 Qa3 24. Bg5 Rf8 25. Qc2 Bd7 26. Qc7 Qa4 27. Bc2 Qc6
28. Rxd7 Qxc7 29. Rxc7 a6 30. Be3 b5 31. Bb3 Nxb3 32. axb3 Rd8 33. Rc1 h6 34.
Kf1 Rd3 35. b4 Rb3 36. Bd2 Ra3 37. Ke2 g5 38. h3 Kf7 39. e5 Bf8 40. Rb1 Be7 41.
Nd4 Bf8 42. Rb3 Ra2 43. Rf3+ Ke7 44. Nc6+ Kd7 45. Rxf8 Kxc6 46. Rf6 Kd5 47.
Rxh6 a5 48. bxa5 b4 49. Kd3 Ra3+ 50. Kc2 Ra2+ 51. Kd3 Ra3+ 52. Ke2 b3 53. Rh7
Kc4 54. Rc7+ Kd4 55. Bc3+ Ke4 56. f3+ Kd5 57. g3 Ra2+ 58. Kd3 Rf2 59. Ke3 Rc2
60. Rd7+ Kc4 61. Rc7+ Kb5 62. Rb7+ Kc4 63. Bd4 Ra2 64. Rc7+ Kb4 65. Bc3+ Ka3
66. a6 Rc2 67. a7 1-0

[Event "G5 2"]
[Site "Svendborg"]
[Date "2018.03.30"]
[Round "2"]
[White "Hansen, Erik Hedegaard"]
[Black "Jensen, Anna Hedelykke"]
[Result "1-0"]
[WhiteElo "1705"]
[BlackElo "1809"]
[PlyCount "137"]
[EventDate "2018.03.29"]
[EventType "swiss"]
[EventRounds "5"]
[EventCountry "DEN"]

1. d4 d5 2. c4 dxc4 3. e3 e6 4. Bxc4 c5 5. Nf3 Nf6 6. Nc3 a6 7. a4 b6 8. O-O
Bb7 9. b3 Nbd7 10. Bb2 Qc7 11. d5 exd5 12. Nxd5 Qc6 13. Nf4 Bd6 14. Qe2 O-O 15.
Rad1 Bxf4 16. exf4 Rfe8 17. Qd3 Re7 18. Rfe1 Rxe1+ 19. Rxe1 Kf8 20. Be5 Ne4 21.
Rd1 Ndf6 22. Bd6+ Nxd6 23. Qxd6+ Qxd6 24. Rxd6 b5 25. Bd3 bxa4 26. bxa4 a5 27.
Bb5 Rc8 28. Ne5 Kg8 29. f3 h6 30. Nc4 Ra8 31. Nb6 Rb8 32. Nd7 Nxd7 33. Rxd7 Ba8
34. Bc4 Rb1+ 35. Kf2 Rb2+ 36. Kg3 Rb8 37. Rxf7 Kh8 38. Rc7 Bb7 39. Rxc5 Ra8 40.
Rc7 Ba6 41. Bxa6 Rxa6 42. Rc5 Kh7 43. Kg4 Kg6 44. f5+ Kf6 45. Kf4 Ke7 46. Ke5
Kd7 47. g4 Ke7 48. h4 Kd7 49. f4 Ke7 50. g5 h5 51. Rc7+ Kf8 52. Rd7 Rc6 53. Rd6
Rc1 54. Rd5 Re1+ 55. Kd6 Re4 56. Rxa5 Rxf4 57. g6 Rd4+ 58. Ke5 Rxh4 59. Ra8+
Ke7 60. a5 Rb4 61. a6 Rb5+ 62. Kf4 Kf6 63. Rf8+ Ke7 64. Rf7+ Kd6 65. Rxg7 h4
66. Rh7 Rb4+ 67. Kg5 Ra4 68. g7 Rxa6 69. g8=Q 1-0

[Event "G5 2"]
[Site "Svendborg"]
[Date "2018.03.30"]
[Round "2"]
[White "Jepsen, Ruben"]
[Black "Gottschalck, Christian"]
[Result "1/2-1/2"]
[WhiteElo "1599"]
[BlackElo "1701"]
[PlyCount "88"]
[EventDate "2018.03.29"]
[EventType "swiss"]
[EventRounds "5"]
[EventCountry "DEN"]

1. Nf3 d5 2. g3 Nf6 3. Bg2 c6 4. O-O Bf5 5. d3 h6 6. Nbd2 Nbd7 7. Re1 e6 8. e4
dxe4 9. dxe4 Bh7 10. e5 Nd5 11. c3 Bc5 12. Qe2 Qc7 13. a4 a5 14. Ne4 Be7 15.
Ned2 Nc5 16. Nc4 Bd3 17. Nd6+ Bxd6 18. exd6 Bxe2 19. dxc7 Bxf3 20. Bxf3 Nxc7
21. Be3 Nd7 22. Rad1 Nd5 23. Bd4 O-O 24. c4 N5f6 25. b3 Rfe8 26. Bc3 e5 27. Bg2
Re7 28. f4 e4 29. Bd4 Rae8 30. Re2 Ng4 31. Rde1 f5 32. h3 Ngf6 33. Be3 c5 34.
Rd2 Re6 35. g4 fxg4 36. hxg4 R6e7 37. Bh3 b6 38. g5 hxg5 39. fxg5 Ne5 40. Bg2
Nfg4 41. Bxe4 Nxe3 42. Rxe3 Nf3+ 43. Rxf3 Rxe4 44. Rd6 R4e6 1/2-1/2

[Event "G5 2"]
[Site "Svendborg"]
[Date "2018.03.30"]
[Round "2"]
[White "Vejlstrup, Dennis"]
[Black "Onisey, Mazen"]
[Result "1/2-1/2"]
[WhiteElo "1533"]
[BlackElo "1671"]
[PlyCount "40"]
[EventDate "2018.03.29"]
[EventType "swiss"]
[EventRounds "5"]
[EventCountry "DEN"]

1. c4 Nf6 2. Nc3 g6 3. e4 d6 4. d4 Bg7 5. Nf3 Bg4 6. Be2 O-O 7. Be3 Nbd7 8. h3
Bxf3 9. Bxf3 e5 10. d5 a6 11. a4 Nb6 12. Qb3 Rb8 13. a5 Nbd7 14. Na4 b5 15.
axb6 cxb6 16. Nc3 Nc5 17. Bxc5 bxc5 18. Qc2 Rb6 19. O-O Qc7 20. Na4 Rb4 1/2-1/2

[Event "G5 2"]
[Site "Svendborg"]
[Date "2018.03.31"]
[Round "3"]
[White "Moller, Birger Poul"]
[Black "Pontoppidan, Erik"]
[Result "1-0"]
[WhiteElo "1853"]
[BlackElo "1750"]
[PlyCount "71"]
[EventDate "2018.03.29"]
[EventType "swiss"]
[EventRounds "5"]
[EventCountry "DEN"]

1. e4 e5 2. Nf3 Nc6 3. Nc3 Nf6 4. Bb5 d6 5. d4 exd4 6. Qxd4 Bd7 7. Bxc6 Bxc6 8.
Bg5 Be7 9. O-O-O O-O 10. Kb1 Nd7 11. h4 h6 12. Bxe7 Qxe7 13. Nd5 Bxd5 14. exd5
Qf6 15. Qd2 Ne5 16. Nxe5 Qxe5 17. g4 Rfe8 18. Rde1 Qf6 19. g5 Rxe1+ 20. Rxe1
hxg5 21. hxg5 Qf3 22. b3 Kf8 23. Qd4 Re8 24. Rxe8+ Kxe8 25. Qxa7 Qxd5 26. Qe3+
Kd7 27. f4 Qe6 28. Qd4 g6 29. Qa4+ c6 30. Qa8 Kc7 31. Qf8 Qd7 32. a4 c5 33. Kb2
Kc6 34. Qh8 Kd5 35. Qh1+ Ke6 36. Qe4# 1-0

[Event "G5 2"]
[Site "Svendborg"]
[Date "2018.03.31"]
[Round "3"]
[White "Olsen, Birger"]
[Black "Jensen, Anna Hedelykke"]
[Result "1-0"]
[WhiteElo "1898"]
[BlackElo "1809"]
[PlyCount "97"]
[EventDate "2018.03.29"]
[EventType "swiss"]
[EventRounds "5"]
[EventCountry "DEN"]

1. e4 c6 2. Nc3 d5 3. Nf3 dxe4 4. Nxe4 Nf6 5. Nxf6+ gxf6 6. d4 Bf5 7. Bd3 Bg6
8. Bf4 e6 9. Qe2 Bd6 10. Bg3 Qc7 11. O-O-O Nd7 12. Rhe1 O-O-O 13. Nd2 Nb6 14.
c3 Nd5 15. Ne4 Bf4+ 16. Kb1 Qb6 17. Qc2 Bh6 18. Nd6+ Rxd6 19. Bxd6 Rd8 20. Bxg6
hxg6 21. Bg3 Bf8 22. Qb3 Qa6 23. Re4 Be7 24. Rh4 Qe2 25. Rh7 Rf8 26. Qc2 Qa6
27. Qe4 Qb6 28. Qc2 Qa6 29. Re1 Qb6 30. Ka1 Qa6 31. Qe2 Qxe2 32. Rxe2 f5 33.
Be5 f6 34. c4 Bb4 35. cxd5 fxe5 36. dxc6 exd4 37. cxb7+ Kb8 38. Rd7 Rh8 39.
Rxe6 d3 40. Rxd3 Rxh2 41. a3 Bc5 42. Rd7 Rh8 43. f3 Rg8 44. b4 Bb6 45. a4 g5
46. a5 Bf2 47. a6 g4 48. Rde7 Bg3 49. Re8+ 1-0

[Event "G5 2"]
[Site "Svendborg"]
[Date "2018.03.31"]
[Round "3"]
[White "Agger, Lars Breinholt"]
[Black "Vejlstrup, Dennis"]
[Result "1-0"]
[WhiteElo "1824"]
[BlackElo "1533"]
[PlyCount "63"]
[EventDate "2018.03.29"]
[EventType "swiss"]
[EventRounds "5"]
[EventCountry "DEN"]

1. e4 c5 2. Nf3 Nc6 3. d4 cxd4 4. Nxd4 a6 5. Be3 Nf6 6. Nc3 e5 7. Nf5 Qc7 8.
Bg5 d6 9. Ne3 Qa5 10. Nc4 Qd8 11. Nd5 Be6 12. Ncb6 Rb8 13. c3 h6 14. Bxf6 gxf6
15. Qf3 Be7 16. Qh5 Bf8 17. Bc4 Rg8 18. Nc7+ Qxc7 19. Bxe6 Rg5 20. Bd7+ Kd8 21.
Qxf7 Qxb6 22. Bxc6 Qxc6 23. Qxf8+ Kc7 24. Qe7+ Kb6 25. O-O-O Ka7 26. Rxd6 Qxe4
27. Rhd1 Qf4+ 28. Kb1 Rxg2 29. Rxa6+ Kxa6 30. Qa3+ Kb6 31. Rd6+ Kc7 32. Qc5#
1-0

[Event "G5 2"]
[Site "Svendborg"]
[Date "2018.03.31"]
[Round "3"]
[White "Schmidt, Kim"]
[Black "Raahauge, Lars"]
[Result "1/2-1/2"]
[WhiteElo "1758"]
[BlackElo "1856"]
[PlyCount "29"]
[EventDate "2018.03.29"]
[EventType "swiss"]
[EventRounds "5"]
[EventCountry "DEN"]

1. d4 Nf6 2. c4 e5 3. dxe5 Ng4 4. e3 Nxe5 5. Nc3 Nbc6 6. Nf3 Bc5 7. Nxe5 Nxe5
8. Be2 O-O 9. O-O d6 10. b3 Qh4 11. Na4 Bb6 12. Nxb6 axb6 13. Bb2 Re8 14. Qd4
Qxd4 15. exd4 1/2-1/2

[Event "G5 2"]
[Site "Svendborg"]
[Date "2018.03.31"]
[Round "3"]
[White "Jensen, Jan Kargaard"]
[Black "Bojsen, Bent"]
[Result "1/2-1/2"]
[WhiteElo "1743"]
[BlackElo "1815"]
[PlyCount "80"]
[EventDate "2018.03.29"]
[EventType "swiss"]
[EventRounds "5"]
[EventCountry "DEN"]

1. d4 Nf6 2. Nf3 c5 3. c4 e6 4. Nc3 cxd4 5. Nxd4 a6 6. e3 Be7 7. Be2 O-O 8. O-O
Qc7 9. Bd2 d6 10. Rc1 Nc6 11. Nxc6 bxc6 12. Bf3 Rb8 13. b3 e5 14. e4 Be6 15.
Nd5 Qd7 16. Nxe7+ Qxe7 17. Bg5 Rfd8 18. Qc2 h6 19. Bxf6 Qxf6 20. Rfd1 c5 21.
Qe2 Qg6 22. Rc3 Rb6 23. Bh5 Qf6 24. Bg4 Qe7 25. Bxe6 Qxe6 26. Rcd3 g5 27. Rd5
Qe7 28. R1d3 Rc6 29. Qh5 Kg7 30. Rh3 Qe6 31. Rg3 Qg6 32. Qxg6+ Kxg6 33. Rgd3
Kf6 34. g3 Ke6 35. Kg2 Rf8 36. g4 a5 37. Rh3 Rh8 38. Rdd3 Kf6 39. Rdf3+ Kg6 40.
Kf1 Ra6 1/2-1/2

[Event "G5 2"]
[Site "Svendborg"]
[Date "2018.03.31"]
[Round "3"]
[White "Winther, Bjarke Rosenborg"]
[Black "Hansen, Aksel"]
[Result "1/2-1/2"]
[WhiteElo "1753"]
[BlackElo "1816"]
[PlyCount "87"]
[EventDate "2018.03.29"]
[EventType "swiss"]
[EventRounds "5"]
[EventCountry "DEN"]

1. e4 c5 2. Nf3 Nc6 3. d4 cxd4 4. Nxd4 Nf6 5. Nc3 a6 6. Bc4 e6 7. Bb3 Na5 8. e5
Nxb3 9. Nxb3 Ng8 10. O-O d5 11. exd6 Qxd6 12. Qxd6 Bxd6 13. Ne4 Bc7 14. Rd1 Ke7
15. Be3 b6 16. c4 f5 17. Nc3 Bb7 18. f3 Nf6 19. Na4 Nd7 20. c5 b5 21. c6 Bxc6
22. Rac1 Bd5 23. Rxc7 bxa4 24. Nc5 Rhd8 25. Bg5+ Kd6 26. Bxd8 Rxd8 27. Nxa6 Ra8
28. Rxd7+ Kxd7 29. Nb4 Kd6 30. a3 Rc8 31. Kf2 Ke5 32. Re1+ Kd6 33. Rd1 g5 34.
g3 h5 35. h3 Rc4 36. Rd2 Rc1 37. Nd3 Rc4 38. Ke3 e5 39. f4 exf4+ 40. gxf4 gxf4+
41. Nxf4 Re4+ 42. Kf3 Rd4+ 43. Ke3 Re4+ 44. Kf3 1/2-1/2